00322nam a2200109Ia 4500008004000000082001600040100004100056245005500097260002900152300000800181650002300189210210b1976 xxu||||| |||| 00| 0 eng d a032.02 GUIN aGUINNESS BOOK OF WORLD RECORDS 1976. aGuinnes book of world records: giant 1976 edition. aUSA.bBantam booksc1976 a704 aGuinness Records